Ετυμολογικό λεξικό της ομιλουμένης κυπριακής διαλέκτου : ιστορία, ερμηνεία και φωνητική των λέξεων

Αποθηκεύτηκε σε:
Λεπτομέρειες βιβλιογραφικής εγγραφής
Κύριος συγγραφέας: Χατζηιωάννου, Κυριάκος, 1909-1997
Μορφή: Βιβλίο
Γλώσσα:Greek
Δημοσίευση: Λευκωσία : Ταμασός, 1996.
Θέματα:
Ετικέτες: Προσθήκη ετικέτας
Δεν υπάρχουν, Καταχωρήστε ετικέτα πρώτοι!

MARC

LEADER 00000cam a2200000 i 4500
001 1/13092
008 971212s1996 cy | ||| |||| ||gre||
020 |a 9963561403 
035 |1 ΠΑΡ  |a 1997  |l 10018901 
040 |a GR-MY-UA  |b gre  |e aacr 
041 0 |a gre 
082 7 |a 489.3203   |2 (22) 
100 1 |a Χατζηιωάννου, Κυριάκος,   |d 1909-1997. 
245 1 0 |a Ετυμολογικό λεξικό της ομιλουμένης κυπριακής διαλέκτου :   |b ιστορία, ερμηνεία και φωνητική των λέξεων /   |c Κυριάκου Χατζηιωάννου.  
260 |a Λευκωσία :   |b Ταμασός,   |c 1996.  
300 |a 265 σ. ;   |c 24 εκ.  
500 |a Με τοπωνυμικό παράρτημα.  
650 0 0 |a Greek language  |x Dialects  |z Cyprus  |x Dictionaries. 
852 |a INST  |b LESVOS  |e 19971212  |h 489.3203 ΧΑΤ  |p 005100015406  |q 005100015406  |t REF  |y 23 
909 |a Λ  |b 051603 
970 |z 1997/12